Negotiations for peace in Central America

Gardado en:
Detalles Bibliográficos
Autor Principal: North, Liisa
Formato: Texto
Publicado: Ottawa: Canadian Institute for International Peace and Security
Etiquetas: Engadir etiqueta
Sen Etiquetas, Sexa o primeiro en etiquetar este rexistro!

MARC

LEADER 00000 a a2200000 04500
001 22862
003
040
090 |a 156800  
100 |a North, Liisa  
245 |a Negotiations for peace in Central America  
260 |a Ottawa:   |b Canadian Institute for International Peace and Security  
300 |a 59 p.  
999 |c 16785  |d 16785